Digital branding of regional wine companies in Slovakia, Czech republic and Germany
Regionálna značka ako významná úloha vo vinárskom priemysle. Analýza v budovaní značky regionálnych vinárskych spoločností v troch krajinách EÚ. Hodnotenie troch kategórií: vlastnosti webových stránok, portfólio sociálnych médií a komunikácia / obsahová stratégia. Vzájomné porovnanie výsledkov.
Salvato in:
| Autore principale: | |
|---|---|
| Altri autori: | , , |
| Natura: | Capitolo di libro |
| Lingua: | inglese |
| Soggetti: | |
| Tags: |
Nessun Tag, puoi essere il primo ad aggiungerne!!
|
MARC
| LEADER | 00000nla a2200000 4500 | ||
|---|---|---|---|
| 001 | 0229557 | ||
| 005 | 20240502073758.5 | ||
| 041 | 0 | |a eng | |
| 044 | |a SK | ||
| 245 | 1 | 0 | |a Digital branding of regional wine companies in Slovakia, Czech republic and Germany |c Lucia Coskun, Branislav Mišota, Milan Čáky, Eduard Hyránek |
| 520 | |a Regionálna značka ako významná úloha vo vinárskom priemysle. Analýza v budovaní značky regionálnych vinárskych spoločností v troch krajinách EÚ. Hodnotenie troch kategórií: vlastnosti webových stránok, portfólio sociálnych médií a komunikácia / obsahová stratégia. Vzájomné porovnanie výsledkov. | ||
| 610 | 2 | 0 | |a priemysel vinársky |
| 610 | 2 | 0 | |a porovnanie štatistické medzinárodné |
| 610 | 2 | 0 | |a značky |
| 610 | 2 | 0 | |a regióny |
| 610 | 2 | 0 | |a digitalizácia |
| 100 | 1 | |a Coskun, Lucia | |
| 700 | 1 | |a Mišota, Branislav | |
| 700 | 1 | |a Čáky, Milan | |
| 700 | 1 | |a Hyránek, Eduard, 1955- | |